[Event "4NCL Division 2b"]
[Site "Northampton, ENG"]
[Date "2018.02.11"]
[Round "6.51"]
[White "Kilpatrick, Callum"]
[Black "Mueller, Constantin"]
[Result "0-1"]
[WhiteElo "2354"]
[BlackElo "2260"]
[PlyCount "60"]
[EventDate "2018.02.11"]
[WhiteTeam "Guildford 3"]
[BlackTeam "North East England"]

1. d4 e6 2. c4 Nf6 3. Nc3 d5 4. cxd5 Nxd5 5. e4 Nxc3 6. bxc3 c5 7. Nf3 cxd4 8.
cxd4 Bb4+ 9. Bd2 Bxd2+ 10. Qxd2 O-O 11. Be2 b6 12. O-O Bb7 13. Qe3 Nd7 14. Rfd1
Nf6 15. Nd2 Rc8 16. f3 Qd7 17. Nc4 Rfd8 18. Rd2 Rc7 19. Rad1 Qc8 20. Ne5 Rc3
21. Qf4 Rc1 22. Kf2 Rxd1 23. Bxd1 Qc1 24. Bb3 Bxe4 25. fxe4 Qxd2+ 26. Qxd2
Nxe4+ 27. Ke3 Nxd2 28. Kxd2 Rxd4+ 29. Ke3 Rd6 30. Ba4 b5 0-1

[Event "4NCL Division 2b"]
[Site "Northampton, ENG"]
[Date "2018.02.11"]
[Round "6.52"]
[White "Walker, David J"]
[Black "Golding, Alex"]
[Result "1/2-1/2"]
[WhiteElo "2290"]
[BlackElo "2297"]
[PlyCount "67"]
[EventDate "2018.02.11"]
[WhiteTeam "North East England"]
[BlackTeam "Guildford 3"]

1. c4 Nf6 2. g3 g6 3. Bg2 Bg7 4. Nc3 O-O 5. e4 d6 6. Nge2 c5 7. O-O Nc6 8. d3
Ne8 9. Be3 Nc7 10. d4 cxd4 11. Nxd4 Bd7 12. b3 Ne6 13. Nde2 Qa5 14. Rc1 Rfe8
15. Qd2 Rab8 16. Rfd1 Ne5 17. h3 Bc6 18. f4 Nd7 19. Nd5 Qxd2 20. Rxd2 a5 21.
Nb6 Nxb6 22. Bxb6 Ra8 23. Nc3 Bxc3 24. Rxc3 Nc5 25. Bxc5 dxc5 26. e5 Red8 27.
Rcd3 Rxd3 28. Rxd3 a4 29. Bxc6 bxc6 30. Kf2 axb3 31. axb3 Ra2+ 32. Kf3 Rb2 33.
g4 Kg7 34. Ke4 1/2-1/2

[Event "4NCL Division 2b"]
[Site "Northampton, ENG"]
[Date "2018.02.11"]
[Round "6.53"]
[White "Grieve, Harry"]
[Black "Dargan, Paul A G"]
[Result "1/2-1/2"]
[WhiteElo "2209"]
[BlackElo "2207"]
[PlyCount "22"]
[EventDate "2018.02.11"]
[WhiteTeam "Guildford 3"]
[BlackTeam "North East England"]

1. d4 Nf6 2. Bg5 d5 3. e3 c5 4. Bxf6 gxf6 5. Nc3 e6 6. dxc5 Bxc5 7. Qh5 Nc6 8.
O-O-O Qa5 9. Kb1 Bd7 10. Nf3 Rc8 11. Nd2 Bb4 1/2-1/2

[Event "4NCL Division 2b"]
[Site "Northampton, ENG"]
[Date "2018.02.11"]
[Round "6.54"]
[White "Wall, Tim P"]
[Black "Kalaiyalahan, Akshaya"]
[Result "1/2-1/2"]
[WhiteElo "2227"]
[BlackElo "2132"]
[PlyCount "93"]
[EventDate "2018.02.11"]
[WhiteTeam "North East England"]
[BlackTeam "Guildford 3"]

1. b3 d5 2. Bb2 Nf6 3. e3 g6 4. c4 Bg7 5. cxd5 Qxd5 6. Nc3 Qa5 7. Nf3 O-O 8.
Bc4 a6 9. a3 c5 10. O-O b5 11. Be2 Bb7 12. h3 Qb6 13. d3 Nc6 14. Rc1 Rac8 15.
Nb1 Rfd8 16. Qc2 Nb8 17. Nbd2 Nbd7 18. Rfd1 Re8 19. Ne5 Nf8 20. Ng4 N8d7 21.
Nxf6+ Nxf6 22. Bf3 Bxf3 23. Nxf3 Qb7 24. Be5 Nd7 25. Bxg7 Kxg7 26. Qb2+ Kg8 27.
Ne5 f6 28. Nxd7 Qxd7 29. b4 cxb4 30. Qb3+ Kg7 31. axb4 e5 32. Ra1 Qe6 33. Qa3
Rc6 34. d4 exd4 35. Rxd4 Rec8 36. Rad1 R8c7 37. Qd3 Rc3 38. Qb1 R3c6 39. Qa1
Rc4 40. Rd6 Qxd6 41. Rxd6 Rc1+ 42. Qxc1 Rxc1+ 43. Kh2 Ra1 44. Kg3 Ra4 45. Rd7+
Kf8 46. Rd4 Ke7 47. Kf3 1/2-1/2

[Event "4NCL Division 2b"]
[Site "Northampton, ENG"]
[Date "2018.02.11"]
[Round "6.55"]
[White "Osborne, Marcus E"]
[Black "Moreby, James"]
[Result "0-1"]
[WhiteElo "2165"]
[BlackElo "2230"]
[PlyCount "54"]
[EventDate "2018.02.11"]
[WhiteTeam "Guildford 3"]
[BlackTeam "North East England"]

1. d4 d5 2. Nf3 c6 3. c4 Nf6 4. e3 e6 5. Bd3 Nbd7 6. Nbd2 dxc4 7. Nxc4 b5 8.
Nce5 Nxe5 9. Nxe5 Bb7 10. O-O Be7 11. a4 a6 12. Bd2 O-O 13. Ng4 Qb6 14. Nxf6+
Bxf6 15. Qc2 g6 16. Bb4 Rfe8 17. f4 Bxd4 18. Rae1 Bxe3+ 19. Rxe3 Qxe3+ 20. Kh1
Rad8 21. Rf3 Qd4 22. Bc3 Qd5 23. Bf6 Rd7 24. Qf2 Qh5 25. Kg1 c5 26. Rh3 Qd1+
27. Bf1 Rd2 0-1

[Event "4NCL Division 2b"]
[Site "Northampton, ENG"]
[Date "2018.02.11"]
[Round "6.56"]
[White "Dunn, Andrew"]
[Black "Punnett, Alan K"]
[Result "1/2-1/2"]
[WhiteElo "2237"]
[BlackElo "2059"]
[PlyCount "58"]
[EventDate "2018.02.11"]
[WhiteTeam "North East England"]
[BlackTeam "Guildford 3"]

1. d4 Nf6 2. Nf3 d5 3. e3 g6 4. c4 Bg7 5. Nc3 O-O 6. h3 a6 7. Bd2 dxc4 8. Bxc4
b5 9. Be2 Bb7 10. O-O Nbd7 11. Rc1 Re8 12. Nb1 Ne4 13. Ba5 Nb6 14. Nbd2 Rc8 15.
Nxe4 Bxe4 16. Bxb6 cxb6 17. Rxc8 Qxc8 18. Qd2 Qe6 19. Ng5 Qd5 20. Nxe4 Qxe4 21.
Rc1 Qd5 22. b3 Qd7 23. Bf3 Rc8 24. Rxc8+ Qxc8 25. e4 Qd7 26. d5 Qc7 27. Bd1 Be5
28. Qc2 Qc5 29. Qxc5 bxc5 1/2-1/2

[Event "4NCL Division 2b"]
[Site "Northampton, ENG"]
[Date "2018.02.11"]
[Round "6.57"]
[White "Shepley, Julien M"]
[Black "Coathup, Roger H"]
[Result "0-1"]
[WhiteElo "2003"]
[BlackElo "2155"]
[PlyCount "86"]
[EventDate "2018.02.11"]
[WhiteTeam "Guildford 3"]
[BlackTeam "North East England"]

1. e4 c5 2. Nf3 e6 3. d4 cxd4 4. Nxd4 a6 5. Bd3 Nf6 6. c4 Qc7 7. Nc3 Nc6 8. Be3
Ne5 9. Qe2 Nfg4 10. Nc2 Nxd3+ 11. Qxd3 Ne5 12. Qd4 Nxc4 13. O-O Nxe3 14. Nxe3
Qc5 15. Qd3 Be7 16. Rac1 Qd6 17. Qe2 O-O 18. f4 b5 19. a3 Bb7 20. Kh1 Rac8 21.
f5 Bg5 22. Rcd1 Qe7 23. e5 f6 24. exf6 Bxf6 25. fxe6 Qxe6 26. Qd3 Bxc3 27.
Rxf8+ Rxf8 28. Qxc3 Re8 29. Re1 Qg6 30. Qd2 Bc6 31. Kg1 h6 32. Nc2 Rxe1+ 33.
Nxe1 Qg4 34. Nc2 Qe4 35. Nd4 Bd5 36. Nf3 d6 37. Qd4 Kf7 38. Kf2 Qc2+ 39. Kg3
Qg6+ 40. Kf2 Qc2+ 41. Kg3 Bxf3 42. gxf3 Qc5 43. Qf4+ Ke7 0-1

[Event "4NCL Division 2b"]
[Site "Northampton, ENG"]
[Date "2018.02.11"]
[Round "6.58"]
[White "Henderson, David"]
[Black "Stimpson, Philip M"]
[Result "1/2-1/2"]
[WhiteElo "2125"]
[BlackElo "1943"]
[PlyCount "60"]
[EventDate "2018.02.11"]
[WhiteTeam "North East England"]
[BlackTeam "Guildford 3"]

1. e4 e5 2. Nf3 Nc6 3. Bb5 a6 4. Ba4 Nf6 5. O-O Be7 6. Re1 b5 7. Bb3 d6 8. c3
O-O 9. h3 Na5 10. Bc2 d5 11. d4 Nxe4 12. dxe5 f5 13. exf6 Bxf6 14. Bd3 Nc4 15.
Qc2 Bb7 16. Nbd2 Ncd6 17. Nf1 c5 18. Be3 c4 19. Be2 Nf5 20. Rad1 Nxe3 21. Nxe3
Qb6 22. Ng4 Be7 23. Rf1 Ng3 24. Rfe1 Bc5 25. Nd4 Ne4 26. Rf1 Rae8 27. Bf3 Ng5
28. Nh2 b4 29. Bg4 Ne4 30. Bf3 Ng5 1/2-1/2

[Event "4NCL Division 2b"]
[Site "Northampton, ENG"]
[Date "2018.02.11"]
[Round "6.61"]
[White "Lewis, Andrew P"]
[Black "Harakis, Alexis M"]
[Result "1-0"]
[WhiteElo "2258"]
[BlackElo "2280"]
[PlyCount "95"]
[EventDate "2018.02.11"]
[WhiteTeam "Anglian Avengers 1"]
[BlackTeam "KJCA Kings"]

1. c4 c6 2. Nf3 d5 3. g3 dxc4 4. Bg2 Nd7 5. O-O Ngf6 6. Qc2 Nb6 7. Na3 Be6 8.
Ng5 Bg4 9. f3 Bh5 10. Nxc4 Bg6 11. d3 e5 12. Nh3 Qd4+ 13. Be3 Qxc4 14. Qxc4
Nxc4 15. dxc4 Be7 16. Nf2 O-O 17. Rfd1 Rfd8 18. Bh3 Kf8 19. Kf1 Ke8 20. Nd3 Bd6
21. Nc5 Rab8 22. Rac1 h6 23. a3 b6 24. Nb3 Bc7 25. Nd2 Ke7 26. b4 Nd7 27. Nb1
f6 28. Bf2 Bf7 29. e4 Bd6 30. Ke1 a5 31. b5 cxb5 32. cxb5 Nc5 33. Nc3 Nb3 34.
Rc2 Bxa3 35. Nd5+ Bxd5 36. Rc7+ Kf8 37. exd5 Bb4+ 38. Ke2 a4 39. Be6 Bd6 40.
Rf7+ Ke8 41. Rxg7 Nc5 42. Bxc5 Bxc5 43. f4 exf4 44. Rf1 Be3 45. gxf4 Bc5 46.
Rf3 Ra8 47. Rfg3 Bf8 48. Rf7 1-0

[Event "4NCL Division 2b"]
[Site "Northampton, ENG"]
[Date "2018.02.11"]
[Round "6.62"]
[White "Hand, Freddie"]
[Black "Gallagher, Daniel GH"]
[Result "1/2-1/2"]
[WhiteElo "2107"]
[BlackElo "2226"]
[PlyCount "56"]
[EventDate "2018.02.11"]
[WhiteTeam "KJCA Kings"]
[BlackTeam "Anglian Avengers 1"]

1. d4 Nf6 2. c4 g6 3. f3 e6 4. Bg5 h6 5. Bh4 c5 6. d5 exd5 7. cxd5 Bg7 8. e4
Qb6 9. Nd2 Qxb2 10. Rb1 Qa3 11. Ne2 Qa5 12. Nc1 O-O 13. Bg3 Na6 14. Ncb3 Qc3
15. Bxa6 bxa6 16. O-O Nh5 17. Bd6 c4 18. Na1 Re8 19. Kh1 a5 20. Rc1 Qf6 21. e5
Qg5 22. Ne4 Qe3 23. Rc3 Qb6 24. f4 f5 25. Bc5 Qc7 26. Nd6 Rxe5 27. fxe5 Bxe5
28. Bd4 Qxd6 1/2-1/2

[Event "4NCL Division 2b"]
[Site "Northampton, ENG"]
[Date "2018.02.11"]
[Round "6.63"]
[White "Scott, Gordon W"]
[Black "Ratnesan, Ranesh"]
[Result "1-0"]
[WhiteElo "2232"]
[BlackElo "2018"]
[PlyCount "71"]
[EventDate "2018.02.11"]
[WhiteTeam "Anglian Avengers 1"]
[BlackTeam "KJCA Kings"]

1. d4 Nf6 2. c4 g6 3. Nc3 Bg7 4. e4 d6 5. Be2 O-O 6. Be3 c5 7. d5 e6 8. e5 dxe5
9. Bxc5 Re8 10. d6 Nc6 11. Nf3 Qa5 12. Be3 Qb4 13. a3 Qa5 14. O-O e4 15. b4 Qf5
16. Nd4 Nxd4 17. Bxd4 Bd7 18. f3 Qg5 19. f4 Qh4 20. Qd2 Rac8 21. Rad1 e5 22.
Bxe5 Rxe5 23. fxe5 Bh6 24. Qe1 Qxe1 25. Rfxe1 Ng4 26. Nxe4 Be3+ 27. Kh1 Nf2+
28. Nxf2 Bxf2 29. Rf1 Be3 30. c5 h5 31. Bc4 Rf8 32. Rxf7 Rxf7 33. e6 Rf8 34.
e7+ Kg7 35. exf8=Q+ Kxf8 36. Bd5 1-0

[Event "4NCL Division 2b"]
[Site "Northampton, ENG"]
[Date "2018.02.11"]
[Round "6.64"]
[White "Young, Daniel J"]
[Black "Player, Edmund C"]
[Result "0-1"]
[WhiteElo "2003"]
[BlackElo "2230"]
[PlyCount "106"]
[EventDate "2018.02.11"]
[WhiteTeam "KJCA Kings"]
[BlackTeam "Anglian Avengers 1"]

1. e4 e6 2. d4 d5 3. Nc3 Nf6 4. e5 Nfd7 5. f4 c5 6. Nf3 Nc6 7. Be3 Be7 8. Qd2
O-O 9. dxc5 Nxc5 10. O-O-O a6 11. Qf2 b6 12. h4 f6 13. exf6 Bxf6 14. Nd4 Qc7
15. g3 Bb7 16. Bh3 Rae8 17. Rhe1 Nd8 18. Bg2 Kh8 19. Qg1 Nf7 20. Bf2 Nd6 21.
Bh3 Nde4 22. Nxe4 dxe4 23. Kb1 e5 24. Nf5 Rd8 25. fxe5 Bxe5 26. Bd4 Bc8 27. g4
Bxf5 28. gxf5 Bxd4 29. Rxd4 Rxd4 30. Qxd4 Rd8 31. Qe3 Qe5 32. a3 Qf6 33. Qg5
Re8 34. Qxf6 gxf6 35. Re3 Nb7 36. Kc1 Nd6 37. b3 Re5 38. Kd2 Kg7 39. Ke2 Nb5
40. Rg3+ Kf7 41. Ke3 Nxa3 42. Rg2 Nb5 43. Rd2 Ke7 44. Rg2 Nc3 45. Rg7+ Kd6 46.
Rxh7 Nd5+ 47. Ke2 Nf4+ 48. Ke3 Nxh3 49. Rg7 Rxf5 50. Kxe4 Rh5 51. Rb7 Rxh4+ 52.
Kf5 Rf4+ 53. Kg6 Kc6 0-1

[Event "4NCL Division 2b"]
[Site "Northampton, ENG"]
[Date "2018.02.11"]
[Round "6.65"]
[White "Lindner, Daniel"]
[Black "Golding, James"]
[Result "1-0"]
[WhiteElo "2214"]
[BlackElo "2046"]
[PlyCount "53"]
[EventDate "2018.02.11"]
[WhiteTeam "Anglian Avengers 1"]
[BlackTeam "KJCA Kings"]

1. c4 e6 2. g3 d5 3. Bg2 c5 4. Nf3 Nc6 5. O-O Nf6 6. b3 Be7 7. Bb2 O-O 8. e3 b6
9. Nc3 dxc4 10. bxc4 Bb7 11. Qe2 Rc8 12. Rac1 Qc7 13. d4 cxd4 14. exd4 Rfd8 15.
Rfd1 Re8 16. d5 exd5 17. Nxd5 Nxd5 18. cxd5 Bc5 19. Qd2 Nb4 20. d6 Qd7 21. Ne5
Rxe5 22. Bxe5 Bxg2 23. Kxg2 Qc6+ 24. Kg1 Qf3 25. Bd4 Nc6 26. Bxc5 bxc5 27. Rxc5
1-0

[Event "4NCL Division 2b"]
[Site "Northampton, ENG"]
[Date "2018.02.11"]
[Round "6.66"]
[White "Verma, Aditya"]
[Black "Wallis, Ian J"]
[Result "0-1"]
[WhiteElo "1975"]
[BlackElo "2057"]
[PlyCount "84"]
[EventDate "2018.02.11"]
[WhiteTeam "KJCA Kings"]
[BlackTeam "Anglian Avengers 1"]

1. e4 e5 2. Nf3 Nc6 3. Bb5 a6 4. Ba4 d6 5. c3 Bd7 6. O-O g6 7. d4 Bg7 8. d5
Nce7 9. Bxd7+ Qxd7 10. c4 Nf6 11. Nc3 O-O 12. c5 h6 13. b4 Nh5 14. Ne1 Nf4 15.
Bxf4 exf4 16. Rc1 f5 17. f3 g5 18. Ne2 fxe4 19. fxe4 Ng6 20. Nd4 Bxd4+ 21. Qxd4
Rae8 22. Nd3 Rf7 23. c6 bxc6 24. Rxc6 Qg4 25. Nf2 Qe2 26. Rcc1 f3 27. g3 Ne5
28. a4 Ng4 29. Rce1 Qa2 30. b5 axb5 31. axb5 Rfe7 32. b6 cxb6 33. Qxb6 Rxe4 34.
Rxe4 Rxe4 35. Qxd6 Nxf2 36. Qg6+ Kf8 37. Qxh6+ Ke8 38. Qg6+ Kd7 39. Qc6+ Kd8
40. Qf6+ Kd7 41. Qxf3 Nh3+ 42. Kh1 Qxd5 0-1

[Event "4NCL Division 2b"]
[Site "Northampton, ENG"]
[Date "2018.02.11"]
[Round "6.67"]
[White "Gregory, Stephen J"]
[Black "Anilkumar, Anantha P"]
[Result "0-1"]
[WhiteElo "2095"]
[BlackElo "1824"]
[PlyCount "132"]
[EventDate "2018.02.11"]
[WhiteTeam "Anglian Avengers 1"]
[BlackTeam "KJCA Kings"]

1. e4 c5 2. Nf3 d6 3. d4 cxd4 4. Nxd4 Nf6 5. Nc3 g6 6. Be3 a6 7. Bc4 Bg7 8. f3
b5 9. Bd5 Nxd5 10. Nxd5 Bb7 11. Qd2 e6 12. Bg5 Qc8 13. Nf6+ Bxf6 14. Bxf6 Rg8
15. Nb3 Nd7 16. Bc3 d5 17. exd5 Bxd5 18. O-O-O Nc5 19. Qh6 Nxb3+ 20. axb3 Qb7
21. Bf6 g5 22. Bxg5 Rg6 23. Qh4 Rc8 24. Rd2 a5 25. Re1 a4 26. bxa4 Rc4 27. Re4
f6 28. Bxf6 Bxe4 29. fxe4 Qxe4 30. Rd8+ Kf7 31. Rd7+ Ke8 32. Re7+ Kf8 33. Bg7+
Kg8 34. Qf2 Qf4+ 35. Qxf4 Rxf4 36. Be5 Rxa4 37. b3 Re4 38. Bg3 h5 39. Rb7 h4
40. Bb8 b4 41. g3 h3 42. Kd2 Rg7 43. Rb5 Rd7+ 44. Kc1 Rd5 45. Rb6 Re2 46. Rxb4
Rxh2 47. Rh4 Rc5 48. Kb1 Rcxc2 49. Rxh3 Rb2+ 50. Ka1 Ra2+ 51. Kb1 Rhb2+ 52. Kc1
Rf2 53. Kb1 Rab2+ 54. Ka1 Rxb3 55. Be5 Re3 56. Bb2 Re1+ 57. Ka2 Ree2 58. Rh8+
Kf7 59. Rb8 e5 60. Rb3 e4 61. Ka3 Rf3 62. Be5 Rxb3+ 63. Kxb3 Ke6 64. Bf4 Kf5
65. Kc3 Kg4 66. Kd4 Kf3 0-1

[Event "4NCL Division 2b"]
[Site "Northampton, ENG"]
[Date "2018.02.11"]
[Round "6.68"]
[White "Ng, Chung Lok Andrew"]
[Black "Peck, Silas"]
[Result "1-0"]
[WhiteElo "1862"]
[BlackElo "2125"]
[PlyCount "113"]
[EventDate "2018.02.11"]
[WhiteTeam "KJCA Kings"]
[BlackTeam "Anglian Avengers 1"]

1. d4 d5 2. c4 e6 3. Nc3 Nf6 4. cxd5 exd5 5. Bg5 Be7 6. e3 O-O 7. Bd3 Nbd7 8.
Nf3 Re8 9. O-O c6 10. Qc2 Nf8 11. h3 Be6 12. Rab1 N6d7 13. Bxe7 Qxe7 14. b4
Rad8 15. a4 g6 16. a5 a6 17. Na4 Nb8 18. Rfc1 Bc8 19. Nc5 Ne6 20. Nxe6 Bxe6 21.
Qc5 f6 22. Qb6 Bc8 23. Nd2 f5 24. Nf3 Qd6 25. Qc5 Qf6 26. h4 Nd7 27. Qc3 Qe7
28. h5 Nf6 29. hxg6 hxg6 30. Ne5 Qh7 31. f3 Re7 32. Qe1 Kg7 33. Bxa6 bxa6 34.
Nxc6 Ree8 35. Nxd8 Rxd8 36. Qg3 Be6 37. Qe5 Qg8 38. Rc6 Re8 39. Rbc1 Qf7 40.
Rxa6 Bd7 41. Qf4 Nh5 42. Qg5 Be6 43. Rcc6 Kg8 44. Rab6 Ng7 45. a6 Re7 46. b5
Kh7 47. Qh4+ Kg8 48. Rb8+ Ne8 49. Rb7 Bd7 50. Rxg6+ Ng7 51. Rd6 f4 52. Qxf4 Nf5
53. Qg5+ Kh7 54. Rf6 Qg7 55. Rxf5 Qxg5 56. Rxg5 Kh8 57. Rxd5 1-0

[Event "4NCL Division 2b"]
[Site "Northampton, ENG"]
[Date "2018.02.11"]
[Round "6.71"]
[White "Swanson, Stephen"]
[Black "Pitcher, John"]
[Result "1/2-1/2"]
[WhiteElo "2190"]
[BlackElo "2230"]
[PlyCount "25"]
[EventDate "2018.02.11"]
[WhiteTeam "Poisoned Pawns 1"]
[BlackTeam "Warwickshire Select 1"]

1. e4 c5 2. Nf3 e6 3. d3 Nc6 4. g3 d5 5. Qe2 b6 6. exd5 Qxd5 7. Nc3 Qd7 8. Bg2
Bb7 9. O-O Nf6 10. Re1 Be7 11. Bf4 O-O 12. Ne5 Nxe5 13. Qxe5 1/2-1/2

[Event "4NCL Division 2b"]
[Site "Northampton, ENG"]
[Date "2018.02.11"]
[Round "6.72"]
[White "Mason, Donald J"]
[Black "Clark, Kevin R"]
[Result "1/2-1/2"]
[WhiteElo "2192"]
[BlackElo "2125"]
[PlyCount "26"]
[EventDate "2018.02.11"]
[WhiteTeam "Warwickshire Select 1"]
[BlackTeam "Poisoned Pawns 1"]

1. e4 e5 2. Nf3 Nf6 3. Nxe5 d6 4. Nf3 Nxe4 5. c4 Be7 6. Nc3 Nxc3 7. dxc3 Nc6 8.
Qc2 Bg4 9. Nd4 Qd7 10. Be3 Nxd4 11. cxd4 d5 12. a3 Be6 13. c5 Bf5 1/2-1/2

[Event "4NCL Division 2b"]
[Site "Northampton, ENG"]
[Date "2018.02.11"]
[Round "6.73"]
[White "Tandy, Chris"]
[Black "Brooks, Phil J"]
[Result "1/2-1/2"]
[WhiteElo "2136"]
[BlackElo "2180"]
[PlyCount "35"]
[EventDate "2018.02.11"]
[WhiteTeam "Poisoned Pawns 1"]
[BlackTeam "Warwickshire Select 1"]

1. e4 e6 2. Nf3 d5 3. Nc3 Bb4 4. a3 Bxc3 5. dxc3 Ne7 6. exd5 Qxd5 7. Bd3 Nd7 8.
Qe2 Nc5 9. Bc4 Qd6 10. Be3 Nf5 11. Rd1 Qe7 12. Bg5 f6 13. Be3 Nxe3 14. Qxe3 e5
15. Rd5 Nd7 16. Rd2 Nb6 17. Bb3 Be6 18. Bxe6 1/2-1/2

[Event "4NCL Division 2b"]
[Site "Northampton, ENG"]
[Date "2018.02.11"]
[Round "6.74"]
[White "Shephard, Chris C W"]
[Black "Byway, Paul V"]
[Result "1-0"]
[WhiteElo "2197"]
[BlackElo "2062"]
[PlyCount "85"]
[EventDate "2018.02.11"]
[WhiteTeam "Warwickshire Select 1"]
[BlackTeam "Poisoned Pawns 1"]

1. c4 Nf6 2. Nf3 e6 3. g3 c5 4. Bg2 Be7 5. O-O O-O 6. b3 Nc6 7. Bb2 d5 8. e3 d4
9. exd4 cxd4 10. d3 e5 11. Re1 Nd7 12. a3 a5 13. Nbd2 Nc5 14. Ne4 Nxe4 15. Rxe4
Bf5 16. Re1 Bf6 17. Qc2 Qc7 18. Nd2 Rfe8 19. Ne4 Be7 20. Qe2 Qd7 21. Bc1 Bg4
22. f3 Be6 23. Ng5 Bxg5 24. Bxg5 f6 25. Bd2 Bf5 26. Rec1 Rab8 27. Ra2 b6 28.
Be1 Nd8 29. Qd1 Ne6 30. b4 axb4 31. axb4 Rec8 32. Rca1 Ng5 33. h4 Nf7 34. Kh2
Nd6 35. Ra7 Rc7 36. Rxc7 Qxc7 37. Qb3 Be6 38. Bh3 Qd7 39. c5 Bxb3 40. Bxd7 bxc5
41. bxc5 Nb5 42. Rb1 Ba4 43. Rb4 1-0

[Event "4NCL Division 2b"]
[Site "Northampton, ENG"]
[Date "2018.02.11"]
[Round "6.75"]
[White "Davison, Chris"]
[Black "Fallowfield, Jeremy R"]
[Result "1/2-1/2"]
[WhiteElo "2060"]
[BlackElo "2155"]
[PlyCount "112"]
[EventDate "2018.02.11"]
[WhiteTeam "Poisoned Pawns 1"]
[BlackTeam "Warwickshire Select 1"]

1. e4 e5 2. Nf3 Nc6 3. Bb5 a6 4. Ba4 Nf6 5. d3 d6 6. h3 b5 7. Bb3 Na5 8. c3
Nxb3 9. Qxb3 Be7 10. Be3 O-O 11. Nbd2 c5 12. O-O Bb7 13. Rfe1 Qc7 14. Nf1 c4
15. Qd1 cxd3 16. Bg5 Nxe4 17. Bxe7 Qxe7 18. Qxd3 Nc5 19. Qe3 f5 20. Rad1 f4 21.
Qe2 Rf6 22. N1d2 Raf8 23. b4 Na4 24. Rc1 Nb6 25. c4 Nxc4 26. Nxc4 bxc4 27.
Qxc4+ Qf7 28. Qxf7+ R8xf7 29. Ng5 Re7 30. Ne4 Bxe4 31. Rxe4 d5 32. Re2 e4 33.
Rd1 Rf5 34. Red2 Ree5 35. a4 e3 36. Rd4 Kf7 37. Re1 Ke6 38. fxe3 Kd6 39. e4 Rg5
40. Red1 f3 41. g4 h5 42. Rxd5+ Rxd5 43. Rxd5+ Rxd5 44. exd5 hxg4 45. hxg4 Kxd5
46. Kf2 Kc4 47. b5 axb5 48. axb5 Kxb5 49. Kxf3 Kc5 50. Ke4 Kd6 51. Kf5 Ke7 52.
Kg6 Kf8 53. Kh7 g5 54. Kh6 Kf7 55. Kxg5 Kg7 56. Kf5 Kf7 1/2-1/2

[Event "4NCL Division 2b"]
[Site "Northampton, ENG"]
[Date "2018.02.11"]
[Round "6.76"]
[White "Baruch, Andrew J D"]
[Black "Rosen, Daniel B"]
[Result "0-1"]
[WhiteElo "2093"]
[BlackElo "2039"]
[PlyCount "98"]
[EventDate "2018.02.11"]
[WhiteTeam "Warwickshire Select 1"]
[BlackTeam "Poisoned Pawns 1"]

1. e4 d6 2. d4 g6 3. Nc3 Bg7 4. Be3 c6 5. a4 Qc7 6. Be2 Nd7 7. f4 Ngf6 8. e5
Nd5 9. Nxd5 cxd5 10. a5 Nb8 11. Bd3 Nc6 12. Qd2 Bf5 13. Bxf5 gxf5 14. Nf3 e6
15. O-O dxe5 16. Nxe5 Bf8 17. Kh1 Bb4 18. Qd3 Bxa5 19. g4 fxg4 20. f5 Bb6 21.
fxe6 fxe6 22. Nf7 O-O 23. Nh6+ Kh8 24. c3 e5 25. Bg5 Qg7 26. Qd2 exd4 27. Nxg4
dxc3 28. bxc3 d4 29. Bf6 Rxf6 30. Nxf6 dxc3 31. Qd5 Rd8 32. Qe6 Bd4 33. Nh5 Qe5
34. Nf4 Re8 35. Qxe5+ Bxe5 36. Nd3 Bd4 37. Rf7 b5 38. Rc7 Ne5 39. Nxe5 Rxe5 40.
Rd1 Rc5 41. Rxa7 c2 42. Rc1 Be3 43. Rxc2 Rxc2 44. Rb7 Rb2 45. h4 h6 46. h5 Bg5
47. Kg1 Kg8 48. Rb6 Be3+ 49. Kh1 Rb1+ 0-1

[Event "4NCL Division 2b"]
[Site "Northampton, ENG"]
[Date "2018.02.11"]
[Round "6.77"]
[White "Kemp, Paul R"]
[Black "Green, Anthony J"]
[Result "1-0"]
[WhiteElo "2048"]
[BlackElo "2007"]
[PlyCount "63"]
[EventDate "2018.02.11"]
[WhiteTeam "Poisoned Pawns 1"]
[BlackTeam "Warwickshire Select 1"]

1. e4 d6 2. d4 Nf6 3. Nc3 Nbd7 4. f4 e5 5. Nf3 exd4 6. Qxd4 c6 7. Be3 d5 8.
O-O-O c5 9. Qa4 d4 10. Bc4 Be7 11. e5 Ng4 12. Bg1 O-O 13. e6 Nb6 14. exf7+ Kh8
15. Qb3 Qc7 16. Nd5 Nxd5 17. Bxd5 Qxf4+ 18. Kb1 Nf6 19. Be6 Qc7 20. Re1 Bxe6
21. Qxe6 Bd6 22. Ng5 Bf4 23. h4 Bg3 24. Rf1 Qe5 25. Qc4 b5 26. Qd3 g6 27. Rh3
Bf4 28. Qf3 Bxg5 29. hxg5 Nh5 30. g4 Ng7 31. Qh1 h5 32. gxh6 1-0

[Event "4NCL Division 2b"]
[Site "Northampton, ENG"]
[Date "2018.02.11"]
[Round "6.78"]
[White "Phillips, David"]
[Black "Mountford, Corinne"]
[Result "1-0"]
[WhiteElo "1791"]
[BlackElo "1720"]
[PlyCount "65"]
[EventDate "2018.02.11"]
[WhiteTeam "Warwickshire Select 1"]
[BlackTeam "Poisoned Pawns 1"]

1. d4 Nf6 2. Bf4 g6 3. e3 Bg7 4. Nf3 d6 5. h3 O-O 6. Be2 Nfd7 7. O-O e5 8. Bh2
Nc6 9. c4 e4 10. Nfd2 f5 11. Nc3 Nf6 12. Rc1 Ne7 13. b4 g5 14. d5 Ng6 15. c5
Qe7 16. cxd6 cxd6 17. Nb5 Ne8 18. Nxa7 Bd7 19. Nb5 Rxa2 20. Nb3 Ra8 21. N5d4
Be5 22. Na5 Bxh2+ 23. Kxh2 Nf6 24. Rc7 Kh8 25. Nxb7 Qe5+ 26. Kg1 Ba4 27. Qd2
Nxd5 28. Nc6 Bxc6 29. Rxc6 Rf6 30. Bc4 Nde7 31. Rxd6 Rff8 32. Nc5 Ra1 33. Nd7
1-0

[Event "4NCL Division 2b"]
[Site "Northampton, ENG"]
[Date "2018.02.11"]
[Round "6.81"]
[White "Redmond, John P"]
[Black "Polaczek, Richard"]
[Result "0-1"]
[WhiteElo "2189"]
[BlackElo "2392"]
[PlyCount "144"]
[EventDate "2018.02.11"]
[WhiteTeam "West is Best 2"]
[BlackTeam "Manchester Manticores 1"]

1. d4 Nf6 2. Bg5 d5 3. e3 c5 4. c3 Qb6 5. Qb3 Nc6 6. Qxb6 axb6 7. Na3 Na7 8.
Nb5 Nxb5 9. Bxb5+ Bd7 10. Bxd7+ Nxd7 11. Nf3 e6 12. Bf4 Be7 13. O-O O-O 14. Ne5
Nf6 15. Bg5 Rfc8 16. a3 Rc7 17. h3 Bd6 18. Bxf6 gxf6 19. Nf3 f5 20. Rad1 Ra4
21. g3 f6 22. Rfe1 Rg7 23. Kf1 Kf7 24. Ke2 Ke7 25. Rg1 h5 26. Nh4 Ra8 27. Ng2
Rag8 28. h4 Kd7 29. Nf4 Bxf4 30. exf4 Rc8 31. Kd3 Kd6 32. Rge1 cxd4 33. cxd4
Rgc7 34. Re2 b5 35. Rde1 Re8 36. Rc2 Rxc2 37. Kxc2 Rc8+ 38. Kd3 Rc6 39. Re2 Rc4
40. Rc2 e5 41. fxe5+ fxe5 42. dxe5+ Kxe5 43. Re2+ Re4 44. Rc2 Rd4+ 45. Ke3 Rc4
46. Rd2 b4 47. Rd3 bxa3 48. bxa3 Re4+ 49. Kf3 Ra4 50. Rb3 b5 51. Ke3 f4+ 52.
gxf4+ Rxf4 53. Rxb5 Re4+ 54. Kd2 Rxh4 55. Rb3 Ra4 56. Rh3 h4 57. Kc2 Rf4 58.
Kb3 Ke4 59. Re3+ Kd4 60. Rh3 Ke5 61. Re3+ Kf5 62. Rd3 Kg4 63. Rxd5 h3 64. Rd1
h2 65. a4 Kf3 66. a5 Kg2 67. a6 Rf6 68. Kc4 Rxa6 69. f4 Ra4+ 70. Kd3 h1=Q 71.
Rxh1 Kxh1 72. Ke3 Kg2 0-1

[Event "4NCL Division 2b"]
[Site "Northampton, ENG"]
[Date "2018.02.11"]
[Round "6.82"]
[White "Macklin, Paul"]
[Black "Edgell, Ben P"]
[Result "1-0"]
[WhiteElo "2395"]
[BlackElo "2157"]
[PlyCount "93"]
[EventDate "2018.02.11"]
[WhiteTeam "Manchester Manticores 1"]
[BlackTeam "West is Best 2"]

1. e4 c6 2. Ne2 d5 3. e5 c5 4. b4 cxb4 5. d4 Nc6 6. a3 e6 7. axb4 Bxb4+ 8. c3
Bf8 9. Ng3 Bd7 10. Bd3 Qb6 11. O-O Na5 12. Ba3 Bb5 13. Bxf8 Kxf8 14. Na3 Bxd3
15. Qxd3 a6 16. f4 g6 17. f5 exf5 18. Nxf5 gxf5 19. Qxf5 Nh6 20. Qh3 Ke8 21. e6
fxe6 22. Qxh6 Kd7 23. Qg7+ Kc6 24. Rf6 Rhe8 25. Re1 Rad8 26. Rexe6+ Rxe6 27.
Rxe6+ Rd6 28. Rxd6+ Kxd6 29. Qh6+ Kc7 30. Qxh7+ Kc8 31. Qf5+ Kb8 32. Qxd5 Nc6
33. h4 Qb2 34. Qd6+ Ka7 35. h5 Qd2 36. Kh2 Qf2 37. Qg3 Qf6 38. Nc2 Qf5 39. Qg6
Qf2 40. h6 Ne7 41. Qg5 Qxc2 42. Qc5+ Ka8 43. Qxe7 Qf2 44. h7 Qf4+ 45. Kh3 Qh6+
46. Qh4 Qe6+ 47. Kh2 1-0